Elevation Extreme: Tallest Countries - Statistics

General Stats
  • This quiz has been taken 49 times
  • The average score is 14 of 15
Answer Stats
Area Height Area Depth Differene Country % Correct
Mount Everest (8,848 m, 29,029 ft) Kanchan Kalan (70 m, 230 ft) 8,778 m (28,799 ft) Nepal
100%
Mount Everest (8,848 m, 29,029 ft) Ayding Lake (-154 m, -505 ft) 9,002 m (29,534 ft) China
98%
Kangchenjunga (8,586 m, 28,169 ft) Kuttanad (-2 m, -7 ft) 8,588 m (28,177 ft) India
98%
Denali/Mt. McKinley (6,190 m 20,310 ft) Badwater Basin (-85 m, -279 ft) 6,275 m (20,589 ft) United States
98%
K2 (8611 m, 28,251 ft) Arabian Sea (0 m, 0 ft) 8,611 m (28,251 ft) Pakistan
96%
Aconcagua (6,960 m 22,835 ft) Laguna del Carbón (-105 m, -344 ft) 7,065 m (23,179 ft) Argentina
93%
Gangkhar Puensum (7,570 m 24,836 ft) Drangme Chhu (97 m, 318 ft) 7,473 m (24,518 ft) Bhutan
93%
Ojos del Salado (6,893 m, 22,615 ft) Pacific Ocean (0 m, 0 ft) 6,893 m (22,615 ft) Chile
93%
Chimborazo (6,267 m 20,561 ft) Pacific Ocean (0 m, 0 ft) 5,959 m (19,551 ft) Ecuador
93%
Sajama (6,542 m, 21,463 ft) Paraguay River (90 m, 295 ft) 6,452 m (21,168 ft) Bolivia
91%
Huascarán (6768 m, 22,205 ft) Bayóvar Depression (-34 m, -112 ft) 6,802 m (22,316 ft) Peru
89%
Jengish Chokusu (7,439 m 24,406 ft) Kara Darya (435 m, 1,427 ft) 7,004 m (22,979 ft) Kyrgyzstan
87%
Ismoil Somoni (7,495 m, 24,590 ft) Syr Darya (300 m, 984 ft) 7,195 m (23,606 ft) Tajikistan
87%
Noshaq (7,492 m, 24,580 ft) Amu Darya (258 m, 846 ft) 7,234 m (23,734 ft) Afghanistan
82%
Khan Tengri (7,010 m, 22,999 ft) Karagiye Depression (-132 m, -433 ft) 7,142 m (23,432 ft) Kazakhstan
82%
No matching quizzes found
Score Distribution
Percent of People with Each Score
Percentile by Number Answered
Your Score History
You have not taken this quiz